00422nam a2200133Ia 45000010005000000080041000050820029000461000115000752450024001902600024002145900007002389010028002459990015002733090241024s9999 xx 000 0 und d aRD370.97293/R426p/2013/1 aRepública Dominicana. Ministerio de Educación (MINERD). Oficina de Planificación y Desarrollo Educativo. 0aPlanes y propuestas bSanto Domingoc2013 asi a25/7/2013 12:29:27 p.m. c7532d7532